Taliban: Islam, Oil and the new Great Game in Central Asia / (Record no. 187124)

000 -LEADER
fixed length control field 00709 a2200193 4500
003 - CONTROL NUMBER IDENTIFIER
control field Nust
005 - DATE AND TIME OF LATEST TRANSACTION
control field 20230504090607.0
020 ## - INTERNATIONAL STANDARD BOOK NUMBER
International Standard Book Number 1860644171
040 ## - CATALOGING SOURCE
Transcribing agency Nust
082 ## - DEWEY DECIMAL CLASSIFICATION NUMBER
Classification number 958.1,RAS
100 ## - MAIN ENTRY--PERSONAL NAME
Personal name Rashid, Ahmed
9 (RLIN) 90631
245 ## - TITLE STATEMENT
Title Taliban: Islam, Oil and the new Great Game in Central Asia /
Statement of responsibility, etc. Ahmed Rashid
260 ## - PUBLICATION, DISTRIBUTION, ETC.
Place of publication, distribution, etc. New York
Name of publisher, distributor, etc. I.B.Tauris & Co Ltd
Date of publication, distribution, etc. 2000
300 ## - PHYSICAL DESCRIPTION
Extent 274p.
505 ## - FORMATTED CONTENTS NOTE
Formatted contents note Introduction: Afghanistan's Holy Warriors (Page-1), Part I: History of the Taliban Movement (Page-17), Part II: Islam and the Taliban (Page-82), Part III: The new great Game (Page-143), Conclusion (Page-207).
600 ## - SUBJECT ADDED ENTRY--PERSONAL NAME
Personal name Ahmed Rashid
9 (RLIN) 342
650 ## - SUBJECT ADDED ENTRY--TOPICAL TERM
Topical term or geographic name entry element Taliban
9 (RLIN) 111763
942 ## - ADDED ENTRY ELEMENTS (KOHA)
Source of classification or shelving scheme
Koha item type Book
Call number prefix 958.1,RAS
Holdings
Withdrawn status Lost status Source of classification or shelving scheme Damaged status Not for loan Permanent Location Current Location Shelving location Date acquired Full call number Barcode Date last seen Price effective from Koha item type Public note
          Military College of Signals (MCS) Military College of Signals (MCS) General Stacks 12/12/2016 958.1,RAS MCS27741 12/08/2016 12/12/2016 Book Almirah No.75, Shelf No.7
© 2023 Central Library, National University of Sciences and Technology. All Rights Reserved.